| 000 | 00907nam a22001937a 4500 | ||
|---|---|---|---|
| 999 |
_c59227 _d59227 |
||
| 003 | Ge_BSU | ||
| 005 | 20221215152749.0 | ||
| 008 | 221215s1979ge xxu||||| |||| 00| 0 geo d | ||
| 041 | _ageo | ||
| 080 | _a821.353.1-31 ი-72 | ||
| 100 |
_aიოსელიანი, ოტია, 1930-2011. _916440 |
||
| 245 |
_aშავი და ცისფერი მდინარე : _bრომანი. წ. 2 / _cოტია იოსელიანი, რედ. თეიმურაზ ლანჩავა |
||
| 264 |
_aთბილისი ; ქუთაისი, _bსაბჭოთა საქართველო, _c1979. |
||
| 300 |
_a491 გვ. _b20 სმ. |
||
| 653 | _aშავი და ცისფერი მდინარე | ||
| 653 | _aრომანი | ||
| 700 |
_aლანჩავა, თეიმურაზ _eრედაქტორი _916441 |
||
| 942 |
_2udc _cBK |
||